Online
Catalog

Los sabios de los asuntos exteriores : (Record no. 24184)

MARC details
000 -CABECERA
campo de control de longitud fija 00882nam a2200241 a 4500
001 - NÚMERO DE CONTROL
campo de control 000024691
005 - FECHA Y HORA DE LA ÚLTIMA TRANSACCIÓN
campo de control 20260409192348.0
008 - DATOS DE LONGITUD FIJA--INFORMACIÓN GENERAL
campo de control de longitud fija 110202s1986 mx r 000 0 spa d
020 ## - NÚMERO INTERNACIONAL ESTÁNDAR DEL LIBRO
ISBN cancelado o inválido 9688880866
040 ## - FUENTE DE LA CATALOGACIÓN
Centro catalogador/agencia de origen DO-SdBNP
Lengua de catalogación spa
Centro/agencia transcriptor BNPHU
082 ## - NÚMERO DE LA CLASIFICACIÓN DECIMAL DEWEY
Número de clasificación 327
Número de documento/Ítem S391s
049 ## - FONDOS LOCALES (OCLC)
Fondos de biblioteca BNGR
100 1# - ENTRADA PRINCIPAL--NOMBRE DE PERSONA
Nombre de persona Schulzinger, Robert D.
Fechas asociadas al nombre 1945-
9 (RLIN) 50626
245 10 - MENCIÓN DE TÍTULO
Título Los sabios de los asuntos exteriores :
Resto del título la historia del consejo de los asuntos exteriores /
Mención de responsabilidad, etc. Robert D. Schulzinger ; traducción: José Ángel García Moreno.
260 ## - PUBLICACIÓN, DISTRIBUCIÓN, ETC.
Lugar de publicación, distribución, etc. Anáhuac, México :
Nombre del editor, distribuidor, etc. Ediciones Prisma,
Fecha de publicación, distribución, etc. 1986.
300 ## - DESCRIPCIÓN FÍSICA
Extensión 349 p. ;
Dimensiones 21 cm.
500 ## - NOTA GENERAL
Nota general Incluye referencias bibliográficas (p. 315-349)
650 #4 - PUNTO DE ACCESO ADICIONAL DE MATERIA--TÉRMINO DE MATERIA
Término de materia o nombre geográfico como elemento de entrada Política internacional
9 (RLIN) 2879
650 #4 - PUNTO DE ACCESO ADICIONAL DE MATERIA--TÉRMINO DE MATERIA
Término de materia o nombre geográfico como elemento de entrada Arbitramento internacional
9 (RLIN) 36121
650 #0 - PUNTO DE ACCESO ADICIONAL DE MATERIA--TÉRMINO DE MATERIA
Término de materia o nombre geográfico como elemento de entrada Diplomacia
9 (RLIN) 398
650 #4 - PUNTO DE ACCESO ADICIONAL DE MATERIA--TÉRMINO DE MATERIA
Término de materia o nombre geográfico como elemento de entrada Poder político
9 (RLIN) 3366
700 1# - PUNTO DE ACCESO ADICIONAL--NOMBRE DE PERSONA
Nombre de persona García Moreno, José Ángel
Término indicativo de función/relación tr.
9 (RLIN) 50627
Holdings
Estado de retiro Estado de pérdida Restricciones de uso No para préstamo Código de colección Localización permanente Ubicación/localización actual Ubicación en estantería Fecha de adquisición Número de inventario Total de préstamos Signatura topográfica completa Código de barras Fecha visto por última vez Precio válido a partir de Tipo de ítem Koha
        Monografías: Libros y Folletos General General En catalogación 02.02.2011 LF1   327 S391s 24691-10 25.06.2020 25.06.2020 Préstamo en sala

Powered by Koha